000 00212nam a2200097Ia 4500
008 190216s9999||||xx |||||||||||||| ||und||
100 _aNull
245 0 _aHindi-Jase Unke Din Bahare
260 _bNull
942 _cBK
999 _c17610
_d17610